| 000 | 00724nam a2200277Ia 4500 | ||
|---|---|---|---|
| 005 | 20260320195817.0 | ||
| 008 | 008 262003s9999 xx 000 0 hin d | ||
| 020 | _a9788183619134 | ||
| 037 | _aEBOOK | ||
| 040 | _aCRL | ||
| 040 | _bhin | ||
| 040 | _cCRL | ||
| 041 | _2hin | ||
| 041 | _ahin | ||
| 084 | _qCRL | ||
| 100 |
_aअबरार मुल्तानी _91132848 |
||
| 245 | 0 | _a5 पिल्स डिप्रेशन-स्ट्रेस से मुक्ति के लिए | |
| 250 | _a2nd | ||
| 260 | _bRajkamal | ||
| 260 | _c2019 | ||
| 300 | _a144 | ||
| 856 | _uhttps://ebook.indiaread.in/pdfs/5_Pills.pdf | ||
| 942 | _cEBOOK | ||
| 999 |
_c1716631 _d1716631 |
||